1782 1928 1560 1825 1835 1153 1175 1124 1339 1267 1266 1957 1675 1020 1980 1616 1546 1690 1148 1431 1299 1820 1208 1210 1481 1795 1012 1169 1899 1213 1831 1639 1373 1482 1844 1504 1497 1618 1268 1252 1306 1497 1799 1005 1856 1575 1047 1063 1544 1941 1459 1531 1769 1661 1977 1788 1962 1601 1952 1456 1824 1494 1245 1291 1102 1177 1677 1517 1856 1484 1092 1114 1556 1813 1321 1314 1301 1016 1365 1336 1540 1028 1220 1663 1725 1909 1417 1871 1739 1480 1953 1206 1602 1800 1531 1434 1649 1287 1008 BCNSPRNW ULIB Ver.6.0+V

เปลี่ยนเป็นภาษาไทย

Change to English
 แสดงรายละเอียดบรรณานุกรม
  กลับหน้าหลัก

Brief Record : Get Marc (ISO 2709) : E-mail record : QR code < ปิดหน้าต่าง
LEADER : 00000nam 2200000uu 4500
001    13399113409
003     ULIB
008    020711s2553 th a 000 0 tha d
020    ^a9746167205304
099    ^aนว.ม551ล 2553 ล.2
100    ^aมาอายะ
245    ^aเล่ห์รักมาเฟีย2/^cมาอายะ
250    ^aพิมพ์ครั้งที่ 1
260    ^aเม็ดทรายพริ้นติ้ง :^bกรุงเทพฯ,^c2553
300    ^a260 หน้า
945    ^p218^l0^i028075
999 ^a ทศพร
รายการนี้ยังไม่มีแท็ก
คุณยังไม่ได้ล็อกอิน คุณสามารถมีกิจกรรมร่วมกับเว็บไซต์ได้ แต่ต้องล็อกอินก่อน ::
  ล็อกอิน

รายการสื่อสารสนเทศ

ลำดับที่ ประเภท เลขเรียก/บาร์โค้ด สถานที่ สถานะ
1. นวนิยาย
นวนิยาย
นว.ม551ล 2553 ล.2 ฉ.1 
  Barcode: 028075
ห้องสมุดวิทยาเขตสวรรค์ประชารักษ์
►นวนิยาย
บนชั้น
  ขอยืม

รายการใกล้เคียง
    ผู้แต่ง [มาอายะ]

BibComment


ยังไม่เคยถูกคอมเมนท์

คอมเมนท์ทรัพยากรรายการนี้
  คอมเมนท์: เล่ห์รักมาเฟีย2 ..


 Copyright 2026. Bcnsprnw @Library